000 01544cam a22003977a 4500
003 CHAP
005 20220329142825.0
008 040525s2004 mx a r 00010 spa d
010 _a88323
011 _a89295
035 _a99846
040 _cCHAP
090 _aTesis
100 0 0 _aFranco Moreno, Gutberto.
_942972
245 1 0 _aComercialización del hongo seta (Pleurotus spp) y champiñon (Agaricus bisporus) en el municipio de Texcoco, estado de México.
_c/por Gutberto Franco Moreno
260 _aChapingo, Méx. :
_bEl autor,
_c2004.
502 _aTesis (Lic. en Administración de Empresas Agricolas) -- UACH. División de Ciencias Económico Administrativas
530 _aTambién disponible en línea
590 _aALEPH
_b10
_c20130110
_lUCH01
_h1457
590 _aBATCH-UPD
_b10
_c20130110
_lUCH01
_h0803
590 _aBATCH-UPD
_b10
_c20130410
_lUCH01
_h0441
590 _aBATCH-UPD
_b10
_c20130914
_lUCH01
_h1435
590 _aBATCH-UPD
_b10
_c20140324
_lUCH01
_h1444
590 _aBATCH-UPD
_b10
_c20141002
_lUCH01
_h0821
590 _aCONVERSION
_b10
_c20130109
_lUCH01
_h1349
650 1 4 _aHongos comestibles.
_956124
650 1 4 _aHongos
_xMéxico (Edo.)
_956109
650 1 4 _aSetas
_xCostos de producción.
_9105372
650 1 4 _aSetas
_xRendimiento.
_9105381
856 _3Finding aid
_uhttp://10.13.5.2/tesis/99846.pdf
_zTeclea aqui
901 _aBK
905 _aElisama A.H.
942 _cFOLL
949 _aTesis
_bBC
_cTES
_d33724000922357
_eTS2
_fc.2
_h41676
_i99846
_si
949 _aTesis
_bBC
_cTES
_d99846
_eTS1
_h41675
_i99846
_sb
999 _c88323
_d88323